High-Performance Process Improvement

High-performance process improvement takes process improvement to the next ambition level. The kernel of the substance is a generic process improvement process that operates under the strictest time, quality and cost constraints. Thanks to a modular composition and robust methods the scope may range...

Full description

Bibliographic Details
Main Author: Pastinen, Markus (Author)
Corporate Author: SpringerLink (Online service)
Format: Electronic eBook
Language:English
Published: Berlin, Heidelberg : Springer Berlin Heidelberg, 2010.
Subjects:
Online Access:Full Text via HEAL-Link
LEADER 02858nam a22004935i 4500
001 978-3-642-10784-9
003 DE-He213
005 20151204190737.0
007 cr nn 008mamaa
008 100316s2010 gw | s |||| 0|eng d
020 |a 9783642107849  |9 978-3-642-10784-9 
024 7 |a 10.1007/978-3-642-10784-9  |2 doi 
040 |d GrThAP 
050 4 |a TS155-TS194 
072 7 |a KJMV  |2 bicssc 
072 7 |a BUS087000  |2 bisacsh 
082 0 4 |a 658.5  |2 23 
100 1 |a Pastinen, Markus.  |e author. 
245 1 0 |a High-Performance Process Improvement  |h [electronic resource] /  |c by Markus Pastinen. 
264 1 |a Berlin, Heidelberg :  |b Springer Berlin Heidelberg,  |c 2010. 
300 |a XXVIII, 25 p.  |b online resource. 
336 |a text  |b txt  |2 rdacontent 
337 |a computer  |b c  |2 rdamedia 
338 |a online resource  |b cr  |2 rdacarrier 
347 |a text file  |b PDF  |2 rda 
505 0 |a High-Performance Process Improvement Fundamentals -- High-Performance Process Improvement Concepts -- Design Concepts of the High-Performance Process Improvement Process -- Network and Company Analysis and Synthesis -- Process Analysis and Synthesis -- The Implementation -- Derivative Concepts and Future Outlines. 
520 |a High-performance process improvement takes process improvement to the next ambition level. The kernel of the substance is a generic process improvement process that operates under the strictest time, quality and cost constraints. Thanks to a modular composition and robust methods the scope may range from one single person to networks with hundreds of companies. This is realized via three high-class phases: network and company analysis and synthesis process analysis and synthesis the implementation, including process improvement education and training and the practical realization of the improvement potential The presented methods contain mass customization features and a very advanced logic for optimizing the interaction of people, technology, information and material both in the process improvement process itself and the focus process. The book is based on an extensive R&D effort and thorough practical verifications in more than 75 companies in almost any business and in all sizes. 
650 0 |a Business. 
650 0 |a Management science. 
650 0 |a Management. 
650 0 |a Organization. 
650 0 |a Planning. 
650 0 |a Production management. 
650 1 4 |a Business and Management. 
650 2 4 |a Operations Management. 
650 2 4 |a Organization. 
650 2 4 |a Management. 
650 2 4 |a Business and Management, general. 
710 2 |a SpringerLink (Online service) 
773 0 |t Springer eBooks 
776 0 8 |i Printed edition:  |z 9783642107832 
856 4 0 |u http://dx.doi.org/10.1007/978-3-642-10784-9  |z Full Text via HEAL-Link 
912 |a ZDB-2-SBE 
950 |a Business and Economics (Springer-11643)